ბათუმის შოთა რუსთაველის სახელმწიფო უნივერსიტეტის ბიბლიოთეკა

Справочник по общестроительным работам:земляные работы. (ბიბ.ჩანაწერი № 50717)

000 -LEADER
fixed length control field 00700nam a2200205Ia 4500
001 - CONTROL NUMBER
control field 17668
003 - CONTROL NUMBER IDENTIFIER
control field GE_BSU
008 - FIXED-LENGTH DATA ELEMENTS--GENERAL INFORMATION
fixed length control field 181216s||||||||xx |||||||||||||| ||und||
040 ## - CATALOGING SOURCE
Transcribing agency GE_BSU
080 ## - UNIVERSAL DECIMAL CLASSIFICATION NUMBER
Universal Decimal Classification number 624.13(035.5)
100 ## - MAIN ENTRY--PERSONAL NAME
Personal name Роговский,Л.В. Миропольская,Н.К. Вестерский,Н.М. и др.
245 ## - TITLE STATEMENT
Title Справочник по общестроительным работам:земляные работы.
260 ## - PUBLICATION, DISTRIBUTION, ETC.
Place of publication, distribution, etc. М.
260 ## - PUBLICATION, DISTRIBUTION, ETC.
Name of publisher, distributor, etc. Госстройиздат.
260 ## - PUBLICATION, DISTRIBUTION, ETC.
Date of publication, distribution, etc. 1960.
300 ## - PHYSICAL DESCRIPTION
Extent 405 стр. с илл. 21 см.
300 ## - PHYSICAL DESCRIPTION
Accompanying material Табл.
653 ## - INDEX TERM--UNCONTROLLED
Uncontrolled term Справочник по общестроительным работам.
942 ## - ADDED ENTRY ELEMENTS (KOHA)
Koha item type წიგნი
ეგზემპლარები
Withdrawn status Lost status Damaged status Not for loan Date acquired Barcode Date last seen Price effective from Koha item type
        2018-12-17 10384 2018-12-17 2018-12-17 წიგნი